| 000 | 00405nam a2200133Ia 4500 | ||
|---|---|---|---|
| 005 | 20260328101517.0 | ||
| 008 | 260328s9999||||xx |||||||||||||| ||und|| | ||
| 100 | _aDávila Ortiz, Alfonso | ||
| 245 | 0 |
_aMinifundio Rural y latifundio Urbano : _b Un enfoque liberal sobre las reFormas agraria y Urbana / _cAlfonso Dávila Ortiz |
|
| 260 | _bPopulibro | ||
| 300 | _a176 p. | ||
| 650 | _aURBANISMO | ||
| 942 | _cBK | ||
| 999 |
_c9445 _d9445 |
||